Derecho administrativo chileno comparado
Saved in:
| Hovedforfatter: | |
|---|---|
| Format: | Bog |
| Sprog: | spansk |
| Udgivet: |
Santiago
Jurídica de Chile
1969
|
| Udgivelse: | 2a. ed |
| Serier: | Colección de Estudios Jurídicos y Sociales, Universidad de Chile
|
| Fag: | |
| Tags: |
Tilføj Tag
Ingen Tags, Vær først til at tagge denne postø!
|
MARC
| LEADER | 00000nam a2200000 a 4500 | ||
|---|---|---|---|
| 001 | UCY0940 | ||
| 003 | CL-VaPUC | ||
| 008 | 940818e19690000CL |||||||||||||||||spa|d | ||
| 082 | 0 | 4 | |a 342.06 |b SIL |2 21 |
| 100 | 0 | |a Silva Cimma, Enrique |e author |9 328806 | |
| 245 | 1 | 0 | |a Derecho administrativo chileno comparado |
| 250 | |a 2a. ed | ||
| 300 | |a v | ||
| 942 | |c BK | ||
| 945 | |d 19940818 00:00:00 |a aalvarez | ||
| 260 | |a Santiago |b Jurídica de Chile |c 1969 | ||
| 500 | |a Obra concebida en una serie de 7 volúmenes de los cuales alcanzaron a salir a la luz pública los dos primeros | ||
| 500 | |a v.1: Introducción y fuentes | ||
| 500 | |a v.2: Teoría general de los servicios públicos | ||
| 650 | 0 | |a Derecho administrativo |9 254851 | |
| 650 | 0 | |a Derecho comparado |9 255664 | |
| 651 | 7 | |a CHILE |2 CL-VaPUC |9 328807 | |
| 583 | |a last modification |c 19940818 00:00:00 |k Rodrigo Vera | ||
| 490 | 0 | |a Colección de Estudios Jurídicos y Sociales, Universidad de Chile | |
| 999 | |c 229808 |d 229806 | ||
| 952 | |0 0 |1 0 |4 0 |6 342_060000000000000_SIL_1969 |7 0 |8 A |9 231466 |a BIBDER |b BIBDER |d 2019-11-15 |h v.2 |i 3010724 |l 4 |m 6 |o 342.06 SIL 1969 |p 3010724 |r 2024-03-08 |s 2023-11-02 |w 2019-11-15 |y BK |k DER | ||